000 00414nam a22001577a 4500
008 241001b |||||||| |||| 00| 0 eng d
020 _a9788195815890
082 _a620.118
_bCHC
100 _aCHAUHAN, Roopam
245 _aComposites
260 _aGhaziabad:
_bNorthern India Textile Research Association,
_c2024.
300 _a83p.
650 _aTextile
700 _aArindam Basu (Ed.)
942 _2ddc
_cBK
999 _c12922
_d12922